000 00456nam a2200181Ia 4500
005 20250508153327.0
008 008 250505s9999 xx 000 0 eng d
037 _aTextual
040 _aFEDL
_beng
_cFEDL
041 _aeng
_2eng
084 _a375.78, WAL
_qFEDL
100 _aWalsh
245 0 _aSuggestions for the teaching of music
260 _c1936
300 _a142p
942 _cTEXL
_h375.78, WAL
999 _c1342068
_d1342068